Formule 1 - Ecuries 2024 par logo - Statistiques

Statistiques générales
  • Ce quiz a été pris 1 164 fois
  • Le résultat moyen est 9 sur 10
Statistiques - réponses
Par images Réponse % Correct
Ferrari
99%
RedBull
99%
Aston Martin
98%
Mercedes
98%
Alpine
96%
McLaren
96%
Haas
93%
Williams
93%
Stake
66%
Racing Bulls
50%
Aucun quiz correspondant
Distribution des résultats
% des personnes avec chaque résultat
Percentile par nombre de réponses
Votre historique - résultats
Vous n’avez pas pris ce quiz